000 00868nam a22002177a 4500
999 _c9726
_d9726
003 AR-CdUCM
008 190328b ||||| |||| 00| 0 spa d
040 _aMUNICIPALIDAD PROVINCIAL DEL CUSCO
_cBIBLIOTECA MUNICIPAL DEL CUSCO
082 _22ed.
_a375.43 /
_bX16 / 1933
100 _aXandrí Pich, José
_926132
245 _aMuseos y exposiciones escolares /
260 _aMadrid :
_bRevista de Pedagogía,
_c1933.
300 _a47 páginas ;
_c18 cm.
440 _aPublicaciones de la revista de pedagogía serie escolar.
_n9
_926133
505 _aContenido: Museos escolares -- Naturaleza e industria (lecciones de cosas) -- Naturaleza e industria (ciencias naturales) --Asociación en el espacio -- Asociación en el tiempo ...
650 _aMuseos
_923145
650 _aExposiciones
_913589
650 _aEducación
_9460
942 _2ddc
_cLIBROS
945 _aachl